[Event "Pardubice Czech op-C 32nd"]
[Site "Pardubice"]
[Date "2021.07.25"]
[Round "2"]
[White "Matei, Stefan Razvan"]
[Black "Soroka, Bohdan"]
[Result "1/2-1/2"]
[WhiteElo "1620"]
[BlackElo "1342"]
[PlyCount "198"]
[EventDate "2021.07.24"]
[EventType "swiss"]
[EventRounds "9"]
[EventCountry "CZE"]
[SourceTitle "EXT 2022"]
[Source "ChessBase"]
[SourceDate "2021.10.06"]
[SourceVersion "1"]
[SourceVersionDate "2021.10.06"]
[SourceQuality "1"]

1. d4 d6 2. Nf3 Bg4 3. h3 Bh5 4. Bf4 Bxf3 5. exf3 Nc6 6. Bb5 Nf6 7. Nc3 e6 8. 0-0 Be7 9. d5 exd5 10. Nxd5 0-0 11. Bxc6 bxc6 12. Nxe7+ Qxe7 13. Qd2 Nd5 14. c4 Nxf4 15. Qxf4 f5 16. Qd4 Qf6 17. Qxf6 Rxf6 18. Rfe1 Kf7 19. Kf1 Re6 20. Rxe6 Kxe6 21. Re1+ Kf7 22. Re3 Re8 23. Ra3 Ra8 24. Ke2 d5 25. Ra6 Rb8 26. b3 dxc4 27. Rxc6 cxb3 28. axb3 Rxb3 29. Rxc7+ Kg6 30. Rxa7 Rb2+ 31. Ke3 Rb6 32. Rd7 h6 33. f4 Re6+ 34. Kf3 h5 35. g3 Ra6 36. Rd5 Rf6 37. Re5 Kh6 38. Ke3 Kg6 39. Kd4 Ra6 40. Re2 Rd6+ 41. Kc5 Rd1 42. Kc6 Kh6 43. Re6+ g6 44. Rd6 Rc1+ 45. Kd7 Rc2 46. Ke7 Rc7+ 47. Kf6 Ra7 48. Re6 Rb7 49. Re7 Rb6+ 50. Kf7 Ra6 51. Rb7 Rc6 52. Rb8 Rc7+ 53. Kf6 Rc6+ 54. Kf7 Rc7+ 55. Ke6 Ra7 56. Rh8+ Kg7 57. Rd8 Kh6 58. Rd7 Ra6+ 59. Kf7 Rb6 60. f3 Rb4 61. Re7 Rc4 62. Kf6 Rc6+ 63. Kf7 Rb6 64. Re6 Rb7+ 65. Kf6 Rb3 66. g4 fxg4 67. fxg4 hxg4 68. hxg4 Rb4 69. g5+ Kh5 70. Ke5 Rb5+ 71. Kd6 Rb4 72. Rf6 Rb5 73. Ke6 Rb6+ 74. Kf7 Rb7+ 75. Kg8 Rb8+ 76. Kg7 Rb7+ 77. Rf7 Rb6 78. Kf8 Rb8+ 79. Ke7 Rb7+ 80. Ke6 Rb6+ 81. Kd5 Rb1 82. Rf8 Kg4 83. Rf6 Rf1 84. Ke6 Kh5 85. Kf7 Ra1 86. Rb6 Ra4 87. f5 Ra7+ 88. Kf6 gxf5 89. g6 Kh6 90. Kxf5 Kg7 91. Kg5 Ra5+ 92. Kg4 Ra7 93. Rd6 Ra1 94. Kf5 Rf1+ 95. Ke5 Rg1 96. Kf5 Rf1+ 97. Ke4 Rf6 98. Ke5 Rxd6 99. Kxd6 Kxg6 1/2-1/2